000 00662cam a22002291 4500
001 e 39000127
003 DLC
005 20260227111228.0
008 880623s1939 kyu 000 0 eng
010 _ae 39000127
035 _a(OCoLC)18126633
040 _aDLC
_cAU
_dDLC
042 _apremarc
050 0 0 _aL152
_b.B35 vol. 6, no. 12
110 1 _aKentucky.
_bDepartment of Education.
245 1 0 _aOrganization and administration of vocational education in Kentucky.
260 _aKentucky,
_c1939.
300 _a73 p.
_c23 cm.
490 0 _aEducational bulletin,
_vv.6, no. 12
500 _aCover title.
650 0 _aVocational education
_zKentucky.
999 _c21651
_d21651